Composing a community: A history of writing across the Curriculum
Guardat en:
| Autors principals: | , |
|---|---|
| Format: | Llibre |
| Idioma: | anglès |
| Publicat: |
West Lafayette
Parlor Press
2006
|
| Matèries: | |
| Etiquetes: |
Afegir etiqueta
Sense etiquetes, Sigues el primer a etiquetar aquest registre!
|
MARC
| LEADER | 00000nam a2200000 a 4500 | ||
|---|---|---|---|
| 001 | UCH3201 | ||
| 003 | CL-VaPUC | ||
| 008 | 090715e20060000us |||||||||||||||||eng|d | ||
| 020 | |a 1932559175 | ||
| 082 | 0 | 4 | |a 808.042 |b MCL |2 21 |
| 100 | |a McLeod, Susan H. |e autora |9 538446 | ||
| 700 | 0 | |a Soven, Margot Iris |e author |9 538447 | |
| 245 | 1 | 0 | |a Composing a community: A history of writing across the Curriculum |
| 300 | |a 209 p | ||
| 942 | |c BK | ||
| 945 | |d 20090715 00:00:00 |a dcastane | ||
| 260 | |a West Lafayette |b Parlor Press |c 2006 | ||
| 650 | 0 | |a Retórica |9 266620 | |
| 650 | 7 | |a ESTUDIO DE LA RETORICA |2 CL-VaPUC |9 538448 | |
| 650 | 7 | |a ESCRITURA RETORICA |2 CL-VaPUC |9 538449 | |
| 650 | 0 | |a Estudio y enseñanza |9 270395 | |
| 650 | 0 | |a Métodos de enseñanza |9 270413 | |
| 583 | |a last modification |c 20171218 01:46:37 |k Rodrigo Vera | ||
| 999 | |c 334825 |d 334823 | ||
| 952 | |0 0 |1 0 |4 0 |6 808_042000000000000_MCL_2006 |7 0 |8 A |9 424053 |a FDOPOS |b FDOPOS |d 2019-11-22 |i 4572033 |o 808.042 MCL 2006 |p 4572033 |r 2025-01-22 |w 2019-11-22 |y BK |k DLA | ||